Don Catrín de la fachenda

Saved in:
Bibliographic Details
Main Author: Fernández de Lizardi, José Joaquín (Author)
Format: Book
Language:Spanish
Published: Ciudad de México Porrua 1978
Edition:4a. ed
Series:Colección de Escritores Mexicanos, 81
Subjects:
Tags: Add Tag
No Tags, Be the first to tag this record!

MARC

LEADER 00000nam a2200000 a 4500
001 UCT6660
003 CL-VaPUC
008 970113e19780000MX |||||||||||||||||spa|d
082 0 4 |a Me863  |b FER  |2 21 
100 0 |a Fernández de Lizardi, José Joaquín  |e author  |9 376821 
245 1 0 |a Don Catrín de la fachenda 
246 1 0 |a Noches tristes y día alegre 
250 |a 4a. ed 
300 |a 220 p 
942 |c BK 
945 |d 19970113 00:00:00  |a rleighto 
260 |a Ciudad de México  |b Porrua  |c 1978 
650 0 |a Novelas mexicanas  |9 317570 
583 |a last modification  |c 19970113 00:00:00  |k Rodrigo Vera 
490 0 |a Colección de Escritores Mexicanos, 81 
999 |c 255342  |d 255340 
952 |0 0  |1 0  |4 0  |6 ME_863_000000000000000_FER_1978  |7 0  |8 A  |9 277552  |a BIBEDU  |b BIBEDU  |d 2019-11-19  |i 3270963  |o Me863 FER 1978  |p 3270963  |r 2019-11-19  |w 2019-11-19  |y BK  |k LIT 
952 |0 0  |1 4  |4 0  |6 ME_863_000000000000000_FER_1978  |7 0  |8 A  |9 277553  |a FDOPOS  |b BIBEDU  |d 2019-11-19  |i 3711056  |l 1  |o Me863 FER 1978  |p 3711056  |r 2023-08-01  |s 2023-08-01  |w 2019-11-19  |y BK  |k MLH 
952 |0 0  |1 0  |4 0  |6 ME_863_000000000000000_FER_1978  |7 0  |8 A  |9 277554  |a FDOPOS  |b FDOPOS  |d 2019-11-19  |i 3711064  |o Me863 FER 1978  |p 3711064  |r 2025-01-22  |w 2019-11-19  |y BK  |k MLH 
952 |0 0  |1 0  |4 0  |6 ME_863_000000000000000_FER_1978  |7 0  |8 A  |9 277555  |a FDOPOS  |b FDOPOS  |d 2019-11-19  |i 3711072  |o Me863 FER 1978  |p 3711072  |r 2025-01-22  |w 2019-11-19  |y BK  |k MLH